000 00342 a2200145 4500
005 20250313125214.0
020 _a0-907135-62-5
082 _a332.60941 WIN
100 _aWINFIELD, R. G.
245 _aInvestment
250 _a5th Ed.
260 _aLondon,
_bNorthwick,
_c1990.
300 _a332p.: ill.; table.
_bIndex.
_c30cm.
942 _2ddc
_cBKS
999 _c550
_d550